000 00811nam a22002057a 4500
999 _c20059
_d20059
005 20180103114334.0
008 180103b 2008ec ||||| |||| 00| 0 spa d
040 _aCO-BoIAVH
_cCO-BoIAVH
041 _aspa
082 _a635.21
_bP13e
100 _aPaguay, Fredy
_eautor
245 1 3 _aEl tesoro de sagrado de los Andes escondido en el alto Guanujo:
_bUrku Papa Tarpui Yachai
260 _aGuaranda (Ecuador):
_bCorporación de Organizaciones Campesinas para el Desarrollo Integral Alto Guanujo (COCDIAG),
_c2008.
300 _a56 páginas
_bfotografías a color
_c20cm
650 1 4 _aPapa
_vCultivo
650 1 4 _aPapa nativa
_vbiodiversidad
650 1 4 _aManejo agronomico
_vControl de plagas
650 1 4 _aSeguridad alimentaria
_vSistema de siembra
942 _2ddc
_cFolleto